| 000 | 01272cam a2200337 a 4500 | ||
|---|---|---|---|
| 999 |
_c921 _d921 |
||
| 001 | 005448213 | ||
| 003 | OSt | ||
| 005 | 20191227082517.0 | ||
| 008 | 100224r20102008nyuab j 000 1 eng d | ||
| 020 | _a9780060728397 (pbk.) : | ||
| 020 | _a0060728396 (pbk.) | ||
| 040 |
_aNCNU _beng _cNCNU _dNCNU _eAACR2 |
||
| 042 | _anbic | ||
| 082 | _aFIC PAV | ||
| 100 | 1 |
_aPaver, Michelle. _eauthor |
|
| 245 | 1 | 0 |
_aOath breaker / _cMichelle Paver ; [illustrations by Geoff Taylor] |
| 250 | _a1st pbk. ed. | ||
| 260 |
_aNew York : _bKatherine Tegen Books, _c2010, c2008. |
||
| 300 |
_a289, 15 p. : _bill., maps ; _c20 cm. |
||
| 440 |
_aChronicles of ancient darkness ; _nbk. 5. |
||
| 500 | _aOriginally published: London : Orion Children's Books, 2008. | ||
| 520 | _aWhen Bale is killed by the Soul-Eater Thiazzi, Torak sets off into the Deep Forest with his foster father and Renn to avenge his friend's murder, but they find themselves in the midst of a war between the Deep Forest clans. | ||
| 521 | 2 | _a4-6. | |
| 650 | 1 |
_aDemoniac possession _vFiction. |
|
| 650 | 1 |
_aRevenge _vFiction. |
|
| 650 | 1 |
_aGood and evil _vFiction. |
|
| 650 | 1 |
_aPrehistoric peoples _vFiction. |
|
| 700 | 1 |
_aTaylor, Geoff, _d1946- _eill. |
|
| 700 | 1 |
_aTegen, Katherine _eEditor |
|
| 942 |
_2ddc _cFIC |
||